د و گھنٹے کی محبت (Record no. 182364)

MARC details
000 -LEADER
fixed length control field 00607nam a22001937a 4500
005 - DATE AND TIME OF LATEST TRANSACTION
control field 20211111123017.0
010 ## - LCCN (DPL NO)
LC control number UR-11322
020 ## - INTERNATIONAL STANDARD BOOK NUMBER
Terms of availability 146.00
International Standard Book Number 9789390533381
035 ## - SYSTEM CONTROL NUMBER
System control number U-9877
037 ## - SOURCE OF ACQUISITION
Source of stock number/acquisition DBAD/PUB
082 ## - DEWEY DECIMAL CLASSIFICATION NUMBER
Classification number ک
100 ## - MAIN ENTRY--PERSONAL NAME
Personal name عظيم ا نصا ر ی
245 ## - TITLE STATEMENT
Title د و گھنٹے کی محبت
Statement of responsibility, etc عظيم ا نصا ر ی
246 ## - VARYING FORM OF TITLE
Title proper/short title Do Ghante Ki Mohabbat (Urdu)
Remainder of title by Azeem Ansari
260 ## - PUBLICATION, DISTRIBUTION, ETC. (IMPRINT)
Place of publication, distribution, etc N.Delhi
Date of publication, distribution, etc 2020 ء
Name of publisher, distributor, etc Educational Publishing House
270 ## - ADDRESS
Address D1/16,Ansari Road,Darya Ganj,
City New Delhi
Postal code 110002
Fax number -
300 ## - PHYSICAL DESCRIPTION
Extent 248 ص
Dimensions 22 Cm(Hb)
942 ## - ADDED ENTRY ELEMENTS (KOHA)
Source of classification or shelving scheme Dewey Decimal Classification
Item type Urdu Bks
Classification part ک
Call number suffix ا ن ص

No items available.


© Delhi Public Library
Hit Counter
free hit counter